000 00654cam a2200205 i 4500
999 _c57976
_d57976
001 17548830
005 20221114112653.0
008 121204s2013 enk b 001 0 eng
020 _a9780230291942x
041 _aeng
080 _a327.2(4) G-31
100 1 _aGeddes, Andrew
_d
_911345
245 1 0 _aBritain and the European Union /
_cAndrew Geddes.
264 1 _aHoundmills, Basingstoke, Hampshire :
_bPalgrave Macmillan,
_c2013.
300 _a288 pages ;
_c23 cm.
653 _aBritain in the European Union
653 _aბრიტანეთი ევროკავშირში
653 _aპოლიტიკა
942 _2udc
_cBK